NXT Finishers 2017 - Statistics

General Stats
  • This quiz has been taken 226 times
    222 since last reset
  • The average score is 10 of 40
Answer Stats
Wrestler Finisher % Correct
Drew McIntyre Claymore Kick
95%
Andrade 'Cien' Almas Hammerlock DDT
77%
Aleister Black Black Mass
65%
Drew Mcintyre #2 Future Shock DDT
63%
Ember Moon Eclipse
56%
Johnny Gargano (Submission) GargaNo Escape
51%
Pete Dunne The Bitter End
51%
Kairi Sane Insane Elbow
43%
Roderick Strong End of Heartache
38%
The Velveteen Dream Purple Rainmaker
38%
Tyler Bate Tyler Driver '97
36%
Lars Sullivan Freak Accident
28%
Tommaso Ciampa Project Ciampa
26%
Eric Young Youngblood
22%
Kassius Ohno #2 KO
21%
Adam Cole Shining Wizard
21%
Roderick Strong #2 Sick Kick
21%
The Authors of Pain #2 Super Collider
21%
The Authors of Pain The Last Chapter
18%
reDRagon (Bobby Fish and Kyle O'Reilly) Chasing The Dragon
16%
Mark Andrews Shooting Star Press
16%
Killian Dain Ulster Plantation
16%
#DIY Meeting in The Middle
15%
Bobby Fish Sleeping With The Fishes
15%
Billie Kay Shades of Kay
13%
Kyle O'Reilly (Submission) ARMageddon
12%
Trent Seven Seven Stars Lariat
12%
No Way Jose The Pitch
12%
Heavy Machinery The Compactor
8%
Tommaso Ciampa (Submission) Bridging Fujiwara Armbar
7%
TM-61 Thunder Valley
7%
Alexander Wolfe Death Valley Driver
4%
Oney Lorcan Half and Half Suplex
4%
Johnny Gargano Lawn Dart
3%
Wolfgang The Howling
3%
Peyton Royce Venus Fly Trap Suplex
3%
Alexander Wolfe and Killian Dain Devastation
2%
Kassius Ohno Ohno Blade
2%
Nikki Cross Swinging Fisherman's Neckbreaker
2%
reDRagon #2 Total Annihilation
2%
No matching quizzes found
Score Distribution
Percent of People with Each Score
Percentile by Number Answered
Your Score History
You have not taken this quiz since the last reset